00786nam a2200217Ia 4500008004100000040001900041041001200060082002700072100001400099245011700113250001200230260004100242300002400283440006500307504001900372650004200391850001000433942000700443999001700450952010100467131103s9999 xx 000 0 und d aLoreto College aEnglish a370.942/DENbLCLIB/937 aDent,H.C. aEducation in transitionb a speciological study of the impact of war on English education 1939 - 1944 cH.C.Dent a5th ed. aLondonbRoutledge & Kegan Paulc1948 axi,244 p. c 22 cm. aInternational Library Of Sociology And Social Reconstruction aIncludes index aGreat Britain - Educational Sociology aLCLIB cBK c10977d61456 00104070aMAINbMAINd2013-11-04l0o370.942/DEN LCLIB/937pB10868r2013-11-04w2013-11-04yBK